000 02348pam a22004091i 4500
001 991014885319707026
003 UkOxU
005 20250331150251.0
006 m || d |
007 cr |||||||||||
008 210505s2021 enka o 000|f|eng|d
015 _aGBC1B1451
_2bnb
020 _a9780241520697
035 _a022672510-44oxf_inst
035 _a(UkOxU)022672510
035 _a(Uk)020258587
037 _aPenguinBooksLtd766639
_bIngram Content Group
040 _aStDuBDS
_beng
_erda
_epn
_cStDuBDS
_dUk
042 _aukblsr
100 _aYoon, David,
_eauthor.
_925103
245 0 0 _aFrankly in love
_c/ adapted from the novel by David Yoon.
264 1 _aLondon :
_bPenguin Books,
_c2021.
300 _a80 pages : illustrations ; 20 cm.
490 0 _aPenguin readers
500 _aLevel 3.
500 _aAcademic
506 1 _aLegal Deposit;
_cOnly available on premises controlled by the deposit library and to one user at any one time;
_eThe Legal Deposit Libraries (Non-Print Works) Regulations (UK).
_5UkOxU
520 _aWith carefully adapted text, new illustrations, language practise activities and additional online resources, the Penguin Readers series introduces language learners to bestselling authors and compelling content. Titles include popular classics, exciting contemporary fiction, and thought-provoking non-fiction. Frankly in Love, a Level 3 Reader, is A2 in the CEFR framework. The text is made up of sentences with up to three clauses, introducing first conditional, past continuous and present perfect simple for general experience. It is well supported by illustrations, which appear on most pages. Frank Li has Korean parents, but he feels that he's American. At high school, he falls in love for the first time with Brit, the girl of his dreams. But there's a problem: Brit is not Korean...
540 _aRestricted: Printing from this resource is governed by The Legal Deposit Libraries (Non-Print Works) Regulations (UK) and UK copyright law currently in force.
_5UkOxU
588 _aDescription based on CIP data; resource not viewed.
650 0 _aKorean Americans
_vFiction.
653 _aLevel 3 Reader, is A2 in the CEFR framework
655 0 _aRomance fiction
_922778
655 0 _aReaders (Adult)
_922484
700 _aYoon, David,
_tFrankly in love.
942 _2lcc
999 _c4620
_d4620